[Event "DEM U12w 2025"]
[Site "Willingen GER"]
[Date "2025.06.13"]
[Round "8"]
[White "Suryaprakash, Smrithi"]
[Black "Artemenko, Isabella"]
[Result "0-1"]
[Termination "normal"]
[Board "4"]
[WhiteElo "1731"]
[BlackElo "1652"]
[WhiteClock "00:55:55"]
[BlackClock "01:17:16"]
[PlyCount "94"]
[WhiteFideId "34637826"]
[BlackFideId "34639616"]
[EventCountry "GER"]
[EventRounds "9"]
[EventType "swiss"]
[EventDate "2025.06.07"]

1. e4 {[%clk 01:30:47]} {[%emt 00:00:13]} d5 {[%clk 01:30:57]} {[%emt
00:00:04]} 2. exd5 {[%clk 01:31:01]} {[%emt 00:00:15]} Qxd5 {[%clk 01:31:22]}
{[%emt 00:00:06]} 3. Nc3 {[%clk 01:31:27]} {[%emt 00:00:04]} Qa5 {[%clk
01:31:47]} {[%emt 00:00:05]} 4. d4 {[%clk 01:31:53]} {[%emt 00:00:04]} Nf6
{[%clk 01:32:12]} {[%emt 00:00:04]} 5. Nf3 {[%clk 01:32:16]} {[%emt 00:00:07]}
Bg4 {[%clk 01:32:33]} {[%emt 00:00:09]} 6. h3 {[%clk 01:32:39]} {[%emt
00:00:08]} Bh5 {[%clk 01:33:00]} {[%emt 00:00:04]} 7. g4 {[%clk 01:32:35]}
{[%emt 00:00:33]} Bg6 {[%clk 01:33:25]} {[%emt 00:00:05]} 8. Ne5 {[%clk
01:33:01]} {[%emt 00:00:04]} Nbd7 {[%clk 01:33:16]} {[%emt 00:00:39]} 9. g5
{[%clk 01:27:29]} {[%emt 00:06:03]} Nxe5 {[%clk 01:28:27]} {[%emt 00:05:19]}
10. gxf6 {[%clk 01:27:16]} {[%emt 00:00:42]} Nc6 {[%clk 01:28:46]} {[%emt
00:00:10]} 11. fxe7 {[%clk 01:22:05]} {[%emt 00:05:42]} Bxe7 {[%clk 01:29:06]}
{[%emt 00:00:10]} 12. Bd2 {[%clk 01:18:06]} {[%emt 00:04:28]} O-O-O {[%clk
01:22:34]} {[%emt 00:07:03]} 13. d5 {[%clk 01:13:07]} {[%emt 00:05:28]} Nb4
{[%clk 01:17:14]} {[%emt 00:05:50]} 14. Nb5 {[%clk 01:09:28]} {[%emt 00:04:10]}
a6 {[%clk 01:16:01]} {[%emt 00:01:44]} 15. a3 {[%clk 01:08:00]} {[%emt
00:01:57]} Nxc2+ {[%clk 01:16:08]} {[%emt 00:00:22]} 16. Qxc2 {[%clk 01:08:18]}
{[%emt 00:00:13]} Bxc2 {[%clk 01:16:31]} {[%emt 00:00:07]} 17. Bxa5 {[%clk
01:08:36]} {[%emt 00:00:12]} axb5 {[%clk 01:16:54]} {[%emt 00:00:08]} 18. Rc1
{[%clk 01:08:45]} {[%emt 00:00:20]} Be4 {[%clk 01:16:57]} {[%emt 00:00:27]} 19.
Rxc7+ {[%clk 01:09:06]} {[%emt 00:00:09]} Kb8 {[%clk 01:17:22]} {[%emt
00:00:05]} 20. Rxe7 {[%clk 01:08:48]} {[%emt 00:00:48]} Bxh1 {[%clk 01:17:47]}
{[%emt 00:00:05]} 21. Bxd8 {[%clk 01:08:28]} {[%emt 00:00:50]} Rxd8 {[%clk
01:18:12]} {[%emt 00:00:04]} 22. Rxf7 {[%clk 01:07:48]} {[%emt 00:01:11]} Bxd5
{[%clk 01:18:33]} {[%emt 00:00:09]} 23. Rxg7 {[%clk 01:06:26]} {[%emt
00:01:52]} Bf3 {[%clk 01:18:52]} {[%emt 00:00:11]} 24. Be2 {[%clk 01:03:17]}
{[%emt 00:03:38]} Re8 {[%clk 01:19:09]} {[%emt 00:00:14]} 25. Rxh7 {[%clk
01:02:59]} {[%emt 00:00:47]} Rxe2+ {[%clk 01:19:15]} {[%emt 00:00:24]} 26. Kf1
{[%clk 01:02:47]} {[%emt 00:00:43]} Rxb2 {[%clk 01:19:40]} {[%emt 00:00:05]}
27. Kg1 {[%clk 01:02:07]} {[%emt 00:01:09]} Ka7 {[%clk 01:16:49]} {[%emt
00:03:22]} 28. h4 {[%clk 01:00:22]} {[%emt 00:02:15]} Ka6 {[%clk 01:15:26]}
{[%emt 00:01:52]} 29. h5 {[%clk 00:52:37]} {[%emt 00:08:14]} Rb1+ {[%clk
01:15:49]} {[%emt 00:00:09]} 30. Kh2 {[%clk 00:53:04]} {[%emt 00:00:03]} Rh1+
{[%clk 01:16:14]} {[%emt 00:00:05]} 31. Kg3 {[%clk 00:53:26]} {[%emt 00:00:08]}
Rxh5 {[%clk 01:16:29]} {[%emt 00:00:14]} 32. Rf7 {[%clk 00:51:46]} {[%emt
00:02:10]} Bd5 {[%clk 01:16:00]} {[%emt 00:00:58]} 33. Rf6+ {[%clk 00:51:41]}
{[%emt 00:00:36]} Ka5 {[%clk 01:15:22]} {[%emt 00:01:08]} 34. Kg4 {[%clk
00:51:50]} {[%emt 00:00:21]} Rh7 {[%clk 01:14:33]} {[%emt 00:01:19]} 35. f4
{[%clk 00:52:00]} {[%emt 00:00:20]} Ka4 {[%clk 01:14:32]} {[%emt 00:00:32]} 36.
Rd6 {[%clk 00:52:02]} {[%emt 00:00:28]} Bc4 {[%clk 01:14:52]} {[%emt 00:00:10]}
37. f5 {[%clk 00:52:21]} {[%emt 00:00:11]} Kxa3 {[%clk 01:15:13]} {[%emt
00:00:08]} 38. f6 {[%clk 00:52:42]} {[%emt 00:00:09]} Rf7 {[%clk 01:14:47]}
{[%emt 00:00:57]} 39. Kg5 {[%clk 00:52:53]} {[%emt 00:00:18]} Rc7 {[%clk
01:14:21]} {[%emt 00:00:56]} 40. Kg6 {[%clk 00:53:16]} {[%emt 00:00:08]} b4
{[%clk 01:14:27]} {[%emt 00:00:24]} 41. Rd8 {[%clk 00:53:38]} {[%emt 00:00:07]}
b3 {[%clk 01:14:51]} {[%emt 00:00:07]} 42. Ra8+ {[%clk 00:54:00]} {[%emt
00:00:08]} Kb2 {[%clk 01:15:14]} {[%emt 00:00:07]} 43. Rf8 {[%clk 00:54:15]}
{[%emt 00:00:14]} Kc3 {[%clk 01:15:35]} {[%emt 00:00:09]} 44. f7 {[%clk
00:54:36]} {[%emt 00:00:09]} Rxf7 {[%clk 01:16:01]} {[%emt 00:00:05]} 45. Rxf7
{[%clk 00:55:03]} {[%emt 00:00:03]} Bxf7+ {[%clk 01:16:25]} {[%emt 00:00:05]}
46. Kxf7 {[%clk 00:55:29]} {[%emt 00:00:04]} b2 {[%clk 01:16:51]} {[%emt
00:00:04]} 47. Ke7 {[%clk 00:55:55]} {[%emt 00:00:04]} b1=Q {[%clk 01:17:16]}
{[%emt 00:00:05]} 0-1

[Event "DEM U12w 2025"]
[Site "Willingen GER"]
[Date "2025.06.13"]
[Round "8"]
[White "Klymenko, Maria"]
[Black "Heidtkamp, Anna"]
[Result "1-0"]
[Termination "normal"]
[Board "5"]
[WhiteElo "1728"]
[BlackElo "1555"]
[WhiteClock "01:09:04"]
[BlackClock "00:29:02"]
[PlyCount "113"]
[WhiteFideId "34620621"]
[BlackFideId "16269012"]
[EventCountry "GER"]
[EventRounds "9"]
[EventType "swiss"]
[EventDate "2025.06.07"]

1. Nf3 {[%clk 01:30:58]} {[%emt 13:41:51]} d5 {[%clk 01:30:55]} {[%emt
00:00:06]} 2. g3 {[%clk 01:31:24]} {[%emt 00:00:03]} Nf6 {[%clk 01:31:18]}
{[%emt 00:00:08]} 3. Bg2 {[%clk 01:31:50]} {[%emt 00:00:04]} e6 {[%clk
01:31:43]} {[%emt 00:00:06]} 4. O-O {[%clk 01:32:12]} {[%emt 00:00:06]} Be7
{[%clk 01:32:02]} {[%emt 00:00:12]} 5. d4 {[%clk 01:32:29]} {[%emt 00:00:13]}
O-O {[%clk 01:32:26]} {[%emt 00:00:06]} 6. c4 {[%clk 01:32:48]} {[%emt
00:00:11]} Nbd7 {[%clk 01:27:59]} {[%emt 00:04:57]} 7. b3 {[%clk 01:32:23]}
{[%emt 00:00:54]} dxc4 {[%clk 01:25:02]} {[%emt 00:03:27]} 8. bxc4 {[%clk
01:32:40]} {[%emt 00:00:13]} c5 {[%clk 01:25:12]} {[%emt 00:00:21]} 9. e3
{[%clk 01:31:28]} {[%emt 00:01:41]} Nb6 {[%clk 01:22:40]} {[%emt 00:03:03]} 10.
Qb3 {[%clk 01:28:49]} {[%emt 00:03:08]} Bd7 {[%clk 01:15:29]} {[%emt 00:07:42]}
11. a4 {[%clk 01:27:08]} {[%emt 00:02:11]} Bxa4 {[%clk 01:08:27]} {[%emt
00:07:32]} 12. Rxa4 {[%clk 01:27:22]} {[%emt 00:00:15]} Nxa4 {[%clk 01:08:48]}
{[%emt 00:00:10]} 13. Qxa4 {[%clk 01:27:46]} {[%emt 00:00:06]} Qe8 {[%clk
01:02:16]} {[%emt 00:07:02]} 14. Qb3 {[%clk 01:26:31]} {[%emt 00:01:43]} Rb8
{[%clk 00:57:59]} {[%emt 00:04:49]} 15. Nc3 {[%clk 01:23:53]} {[%emt 00:03:07]}
a6 {[%clk 00:52:10]} {[%emt 00:06:21]} 16. Ne5 {[%clk 01:23:12]} {[%emt
00:01:09]} Nd7 {[%clk 00:48:04]} {[%emt 00:04:37]} 17. Nxd7 {[%clk 01:21:44]}
{[%emt 00:01:57]} Qxd7 {[%clk 00:48:16]} {[%emt 00:00:19]} 18. Rd1 {[%clk
01:21:43]} {[%emt 00:00:29]} Qc7 {[%clk 00:47:07]} {[%emt 00:01:41]} 19. Na4
{[%clk 01:17:12]} {[%emt 00:05:00]} b5 {[%clk 00:44:46]} {[%emt 00:02:51]} 20.
Nxc5 {[%clk 01:15:19]} {[%emt 00:02:23]} Bxc5 {[%clk 00:44:29]} {[%emt
00:00:47]} 21. dxc5 {[%clk 01:15:28]} {[%emt 00:00:21]} Qxc5 {[%clk 00:43:40]}
{[%emt 00:01:20]} 22. cxb5 {[%clk 01:15:04]} {[%emt 00:00:54]} Qxb5 {[%clk
00:42:12]} {[%emt 00:01:58]} 23. Qxb5 {[%clk 01:14:54]} {[%emt 00:00:39]} axb5
{[%clk 00:42:11]} {[%emt 00:00:31]} 24. Bb2 {[%clk 01:12:52]} {[%emt 00:02:31]}
f6 {[%clk 00:36:24]} {[%emt 00:06:19]} 25. Rb1 {[%clk 01:11:46]} {[%emt
00:01:36]} b4 {[%clk 00:35:55]} {[%emt 00:01:00]} 26. Bd4 {[%clk 01:10:17]}
{[%emt 00:01:56]} Rfc8 {[%clk 00:30:18]} {[%emt 00:06:08]} 27. Ba7 {[%clk
01:08:43]} {[%emt 00:02:04]} Rb5 {[%clk 00:30:36]} {[%emt 00:00:13]} 28. Bf1
{[%clk 01:08:40]} {[%emt 00:00:31]} Ra5 {[%clk 00:28:05]} {[%emt 00:03:03]} 29.
Bb6 {[%clk 01:08:56]} {[%emt 00:00:13]} Ra4 {[%clk 00:28:14]} {[%emt 00:00:22]}
30. Bb5 {[%clk 01:08:57]} {[%emt 00:00:28]} Ra3 {[%clk 00:27:19]} {[%emt
00:01:26]} 31. Bd7 {[%clk 01:08:23]} {[%emt 00:01:01]} Rb8 {[%clk 00:26:47]}
{[%emt 00:01:04]} 32. Bxe6+ {[%clk 01:08:31]} {[%emt 00:00:22]} Kh8 {[%clk
00:27:10]} {[%emt 00:00:07]} 33. Bc5 {[%clk 01:07:35]} {[%emt 00:01:24]} Ra6
{[%clk 00:26:57]} {[%emt 00:00:45]} 34. Bg4 {[%clk 01:05:16]} {[%emt 00:02:46]}
Rc6 {[%clk 00:26:10]} {[%emt 00:01:20]} 35. Ba7 {[%clk 01:05:01]} {[%emt
00:00:43]} Rcb6 {[%clk 00:25:22]} {[%emt 00:01:21]} 36. Bxb8 {[%clk 01:04:37]}
{[%emt 00:00:54]} Rxb8 {[%clk 00:25:49]} {[%emt 00:00:03]} 37. Rc1 {[%clk
01:04:12]} {[%emt 00:00:53]} b3 {[%clk 00:25:05]} {[%emt 00:01:17]} 38. Rc8+
{[%clk 01:03:53]} {[%emt 00:00:49]} Rxc8 {[%clk 00:25:32]} {[%emt 00:00:04]}
39. Bxc8 {[%clk 01:04:17]} {[%emt 00:00:05]} b2 {[%clk 00:26:00]} {[%emt
00:00:02]} 40. Bf5 {[%clk 01:04:35]} {[%emt 00:00:13]} Kg8 {[%clk 00:26:17]}
{[%emt 00:00:12]} 41. Kf1 {[%clk 01:04:52]} {[%emt 00:00:13]} Kf7 {[%clk
00:26:36]} {[%emt 00:00:12]} 42. Ke1 {[%clk 01:05:13]} {[%emt 00:00:08]} g6
{[%clk 00:26:53]} {[%emt 00:00:13]} 43. Bb1 {[%clk 01:05:37]} {[%emt 00:00:05]}
f5 {[%clk 00:26:59]} {[%emt 00:00:26]} 44. Kd2 {[%clk 01:05:58]} {[%emt
00:00:09]} Kf6 {[%clk 00:27:23]} {[%emt 00:00:05]} 45. Kc2 {[%clk 01:06:14]}
{[%emt 00:00:13]} Kg5 {[%clk 00:27:49]} {[%emt 00:00:05]} 46. h3 {[%clk
01:06:24]} {[%emt 00:00:20]} h5 {[%clk 00:27:08]} {[%emt 00:01:12]} 47. f4+
{[%clk 01:06:24]} {[%emt 00:00:29]} Kf6 {[%clk 00:27:18]} {[%emt 00:00:20]} 48.
h4 {[%clk 01:06:33]} {[%emt 00:00:21]} Ke6 {[%clk 00:27:16]} {[%emt 00:00:33]}
49. Ba2+ {[%clk 01:06:49]} {[%emt 00:00:13]} Kf6 {[%clk 00:27:21]} {[%emt
00:00:25]} 50. Kxb2 {[%clk 01:07:13]} {[%emt 00:00:07]} Kg7 {[%clk 00:27:06]}
{[%emt 00:00:44]} 51. Kc3 {[%clk 01:07:37]} {[%emt 00:00:06]} Kf6 {[%clk
00:27:31]} {[%emt 00:00:05]} 52. Kd4 {[%clk 01:08:03]} {[%emt 00:00:04]} Kg7
{[%clk 00:27:39]} {[%emt 00:00:22]} 53. Ke5 {[%clk 01:08:29]} {[%emt 00:00:04]}
Kh6 {[%clk 00:28:03]} {[%emt 00:00:07]} 54. Kf6 {[%clk 01:08:33]} {[%emt
00:00:24]} Kh7 {[%clk 00:28:24]} {[%emt 00:00:10]} 55. Bf7 {[%clk 01:08:42]}
{[%emt 00:00:21]} Kh6 {[%clk 00:28:45]} {[%emt 00:00:09]} 56. Bg8 {[%clk
01:09:04]} {[%emt 00:00:07]} g5 {[%clk 00:29:02]} {[%emt 00:00:14]} 57. fxg5
{[%emt 00:00:06]} 1-0

[Event "DEM U12w 2025"]
[Site "Willingen GER"]
[Date "2025.06.13"]
[Round "8"]
[White "Sobczak, Zuzanna"]
[Black "Döscher, Nayla"]
[Result "1/2-1/2"]
[Termination "normal"]
[Board "6"]
[WhiteElo "1686"]
[BlackElo "1495"]
[WhiteClock "00:26:22"]
[BlackClock "00:22:20"]
[PlyCount "53"]
[WhiteFideId "34670050"]
[BlackFideId "34625046"]
[EventCountry "GER"]
[EventRounds "9"]
[EventType "swiss"]
[EventDate "2025.06.07"]

1. e4 {[%clk 01:30:59]} e5 {[%clk 01:30:59]} {[%emt 00:00:02]} 2. Nf3 {[%clk
01:31:24]} {[%emt 00:00:05]} Nc6 {[%clk 01:31:14]} {[%emt 00:00:15]} 3. Bc4
{[%clk 01:31:50]} {[%emt 00:00:04]} Bc5 {[%clk 01:31:31]} {[%emt 00:00:13]} 4.
O-O {[%clk 01:32:14]} {[%emt 00:00:05]} Nf6 {[%clk 01:31:52]} {[%emt 00:00:09]}
5. d4 {[%clk 01:32:41]} {[%emt 00:00:03]} Bxd4 {[%clk 01:31:59]} {[%emt
00:00:24]} 6. Nxd4 {[%clk 01:33:06]} {[%emt 00:00:04]} Nxd4 {[%clk 01:32:18]}
{[%emt 00:00:11]} 7. Bg5 {[%clk 01:33:33]} {[%emt 00:00:04]} h6 {[%clk
01:32:15]} {[%emt 00:00:32]} 8. Bh4 {[%clk 01:33:59]} {[%emt 00:00:05]} d6
{[%clk 01:32:10]} {[%emt 00:00:35]} 9. f4 {[%clk 01:34:15]} {[%emt 00:00:13]}
Be6 {[%clk 01:30:22]} {[%emt 00:02:18]} 10. Bxe6 {[%clk 01:34:10]} {[%emt
00:00:36]} Nxe6 {[%clk 01:29:48]} {[%emt 00:01:04]} 11. fxe5 {[%clk 01:34:24]}
{[%emt 00:00:16]} dxe5 {[%clk 01:29:09]} {[%emt 00:01:09]} 12. Qxd8+ {[%clk
01:34:15]} {[%emt 00:00:38]} Rxd8 {[%clk 01:27:05]} {[%emt 00:02:34]} 13. Bxf6
{[%clk 01:34:31]} {[%emt 00:00:13]} gxf6 {[%clk 01:26:50]} {[%emt 00:00:46]}
14. Rxf6 {[%clk 01:32:12]} {[%emt 00:02:50]} Ke7 {[%clk 01:17:24]} {[%emt
00:09:55]} 15. Rf1 {[%clk 01:27:45]} {[%emt 00:04:57]} Rhg8 {[%clk 01:13:27]}
{[%emt 00:04:26]} 16. Nc3 {[%clk 01:12:50]} {[%emt 00:15:25]} Nf4 {[%clk
01:10:30]} {[%emt 00:03:27]} 17. g3 {[%clk 01:11:38]} {[%emt 00:01:42]} Rd2
{[%clk 01:04:44]} {[%emt 00:06:17]} 18. Kh1 {[%clk 01:11:04]} {[%emt 00:01:01]}
Ne6 {[%clk 00:53:18]} {[%emt 00:11:58]} 19. Rf5 {[%clk 00:52:47]} {[%emt
00:18:48]} Rxc2 {[%clk 00:47:42]} {[%emt 00:06:06]} 20. Nd5+ {[%clk 00:52:54]}
{[%emt 00:00:22]} Kf8 {[%clk 00:45:53]} {[%emt 00:02:19]} 21. Raf1 {[%clk
00:53:12]} {[%emt 00:00:11]} Rg7 {[%clk 00:38:24]} {[%emt 00:08:00]} 22. Rxe5
{[%clk 00:53:22]} {[%emt 00:00:21]} Nd4 {[%clk 00:36:45]} {[%emt 00:02:08]} 23.
Nf6 {[%clk 00:48:56]} {[%emt 00:04:56]} Ne6 {[%clk 00:31:46]} {[%emt 00:05:29]}
24. Nh5 {[%clk 00:25:10]} {[%emt 00:24:17]} Rg5 {[%clk 00:27:57]} {[%emt
00:04:05]} 25. Rxe6 {[%clk 00:25:38]} {[%emt 00:00:17]} Rxh5 {[%clk 00:28:09]}
{[%emt 00:00:19]} 26. h4 {[%clk 00:25:59]} {[%emt 00:00:07]} Rxb2 {[%clk
00:22:20]} {[%emt 00:06:20]} 27. Ref6 {[%clk 00:26:22]} 1/2-1/2

[Event "DEM U12w 2025"]
[Site "Willingen GER"]
[Date "2025.06.13"]
[Round "8"]
[White "Tischlinger, Lara"]
[Black "Birkenheier, Larissa"]
[Result "1/2-1/2"]
[Termination "normal"]
[Board "7"]
[WhiteElo "1592"]
[BlackElo "1486"]
[WhiteClock "00:00:40"]
[BlackClock "00:02:15"]
[PlyCount "60"]
[WhiteFideId "34663401"]
[BlackFideId "34626379"]
[EventCountry "GER"]
[EventRounds "9"]
[EventType "swiss"]
[EventDate "2025.06.07"]

1. e4 {[%clk 01:30:57]} {[%emt 00:00:01]} e5 {[%clk 01:30:48]} {[%emt
00:00:12]} 2. Nf3 {[%clk 01:31:22]} {[%emt 00:00:05]} Nc6 {[%clk 01:31:05]}
{[%emt 00:00:14]} 3. d4 {[%clk 01:31:45]} {[%emt 00:00:07]} exd4 {[%clk
01:31:05]} {[%emt 00:00:29]} 4. Nxd4 {[%clk 01:32:03]} {[%emt 00:00:11]} Bc5
{[%clk 01:30:59]} {[%emt 00:00:38]} 5. Nb3 {[%clk 01:32:25]} {[%emt 00:00:08]}
Bb6 {[%clk 01:30:48]} {[%emt 00:00:41]} 6. Qe2 {[%clk 01:32:32]} {[%emt
00:00:24]} Qf6 {[%clk 01:30:14]} {[%emt 00:01:03]} 7. Nc3 {[%clk 01:29:54]}
{[%emt 00:03:08]} Nge7 {[%clk 01:29:09]} {[%emt 00:01:35]} 8. Be3 {[%clk
01:27:11]} {[%emt 00:03:13]} d6 {[%clk 01:26:55]} {[%emt 00:02:43]} 9. O-O-O
{[%clk 01:23:42]} {[%emt 00:03:59]} Bd7 {[%clk 01:25:25]} {[%emt 00:02:00]} 10.
g3 {[%clk 01:16:53]} {[%emt 00:07:19]} O-O-O {[%clk 01:22:56]} {[%emt
00:02:59]} 11. Bxb6 {[%clk 01:14:22]} {[%emt 00:03:01]} axb6 {[%clk 01:22:10]}
{[%emt 00:01:17]} 12. Bg2 {[%clk 01:12:43]} {[%emt 00:02:09]} Rhe8 {[%clk
01:14:46]} {[%emt 00:07:53]} 13. f4 {[%clk 01:00:32]} {[%emt 00:12:41]} Qh6
{[%clk 01:03:29]} {[%emt 00:11:45]} 14. Kb1 {[%clk 00:51:32]} {[%emt 00:09:33]}
f5 {[%clk 00:53:09]} {[%emt 00:10:49]} 15. Qf3 {[%clk 00:43:55]} {[%emt
00:08:07]} g5 {[%clk 00:40:22]} {[%emt 00:13:17]} 16. Rhf1 {[%clk 00:16:22]}
{[%emt 00:28:06]} Rg8 {[%clk 00:24:12]} {[%emt 00:16:40]} 17. e5 {[%clk
00:09:25]} {[%emt 00:07:27]} g4 {[%clk 00:19:08]} {[%emt 00:05:34]} 18. Qe2
{[%clk 00:08:47]} {[%emt 00:01:08]} dxe5 {[%clk 00:14:49]} {[%emt 00:04:49]}
19. fxe5 {[%clk 00:08:42]} {[%emt 00:00:35]} Be6 {[%clk 00:12:53]} {[%emt
00:02:25]} 20. Nc1 {[%clk 00:03:23]} {[%emt 00:05:49]} Qg7 {[%clk 00:11:12]}
{[%emt 00:02:11]} 21. Rfe1 {[%clk 00:02:02]} {[%emt 00:01:52]} Rge8 {[%clk
00:09:44]} {[%emt 00:01:57]} 22. Qe3 {[%clk 00:01:24]} {[%emt 00:01:08]} Kb8
{[%clk 00:06:54]} {[%emt 00:03:20]} 23. Nd3 {[%clk 00:01:34]} {[%emt 00:00:21]}
Nd5 {[%clk 00:04:41]} {[%emt 00:02:43]} 24. Nxd5 {[%clk 00:01:48]} {[%emt
00:00:16]} Bxd5 {[%clk 00:05:00]} {[%emt 00:00:10]} 25. Bxd5 {[%clk 00:01:57]}
{[%emt 00:00:21]} Rxd5 {[%clk 00:05:15]} {[%emt 00:00:15]} 26. e6 {[%clk
00:01:59]} {[%emt 00:00:29]} Qe7 {[%clk 00:04:42]} {[%emt 00:01:02]} 27. Nf4
{[%clk 00:01:34]} {[%emt 00:00:56]} Re5 {[%clk 00:03:54]} {[%emt 00:01:18]} 28.
Qf2 {[%clk 00:01:45]} {[%emt 00:00:18]} Rxe1 {[%clk 00:03:29]} {[%emt
00:00:55]} 29. Qxe1 {[%clk 00:00:57]} {[%emt 00:01:19]} Ka7 {[%clk 00:02:19]}
{[%emt 00:01:40]} 30. Qe2 {[%clk 00:00:40]} {[%emt 00:00:46]} Kb8 {[%clk
00:02:15]} {[%emt 00:00:33]} 1/2-1/2

[Event "DEM U12w 2025"]
[Site "Willingen GER"]
[Date "2025.06.13"]
[Round "8"]
[White "Bohatyrova, Mariia"]
[Black "Ratushna, Olha"]
[Result "1-0"]
[Termination "normal"]
[Board "8"]
[WhiteElo "1721"]
[BlackElo "1734"]
[WhiteClock "00:00:51"]
[BlackClock "00:14:28"]
[PlyCount "82"]
[WhiteFideId "34165789"]
[BlackFideId "34172602"]
[EventCountry "GER"]
[EventRounds "9"]
[EventType "swiss"]
[EventDate "2025.06.07"]

1. Nf3 {[%clk 01:30:54]} {[%emt 00:00:05]} e6 {[%clk 01:29:17]} {[%emt
00:01:44]} 2. d4 {[%clk 01:31:06]} {[%emt 00:00:18]} d5 {[%clk 01:29:27]}
{[%emt 00:00:20]} 3. c4 {[%clk 01:30:17]} {[%emt 00:01:18]} Bb4+ {[%clk
01:28:50]} {[%emt 00:01:07]} 4. Nc3 {[%clk 01:30:19]} {[%emt 00:00:29]} Ne7
{[%clk 01:28:25]} {[%emt 00:00:55]} 5. Bf4 {[%clk 01:25:46]} {[%emt 00:05:01]}
Bxc3+ {[%clk 01:26:32]} {[%emt 00:02:26]} 6. bxc3 {[%clk 01:26:07]} {[%emt
00:00:08]} b6 {[%clk 01:26:31]} {[%emt 00:00:31]} 7. cxd5 {[%clk 01:17:48]}
{[%emt 00:08:49]} Nxd5 {[%clk 01:24:53]} {[%emt 00:02:07]} 8. Bd2 {[%clk
01:12:56]} {[%emt 00:05:16]} O-O {[%clk 01:23:08]} {[%emt 00:02:22]} 9. e4
{[%clk 00:59:28]} {[%emt 00:13:57]} Ne7 {[%clk 01:22:46]} {[%emt 00:00:51]} 10.
Bd3 {[%clk 00:51:18]} {[%emt 00:08:40]} Bb7 {[%clk 01:21:34]} {[%emt 00:01:44]}
11. Be3 {[%clk 00:37:58]} {[%emt 00:13:45]} Nd7 {[%clk 01:19:02]} {[%emt
00:03:07]} 12. Qc2 {[%clk 00:30:42]} {[%emt 00:07:43]} Kh8 {[%clk 01:09:13]}
{[%emt 00:10:20]} 13. Qe2 {[%clk 00:23:41]} {[%emt 00:07:29]} Qc8 {[%clk
01:08:32]} {[%emt 00:01:14]} 14. O-O {[%clk 00:14:05]} {[%emt 00:10:07]} f6
{[%clk 01:02:25]} {[%emt 00:06:36]} 15. Nd2 {[%clk 00:10:03]} {[%emt 00:04:32]}
f5 {[%clk 00:58:41]} {[%emt 00:04:14]} 16. f3 {[%clk 00:09:10]} {[%emt
00:01:24]} f4 {[%clk 00:57:54]} {[%emt 00:01:19]} 17. Bf2 {[%clk 00:09:30]}
{[%emt 00:00:09]} Ng6 {[%clk 00:52:17]} {[%emt 00:06:07]} 18. e5 {[%clk
00:05:41]} {[%emt 00:04:19]} Ne7 {[%clk 00:50:48]} {[%emt 00:01:59]} 19. Ne4
{[%clk 00:05:52]} {[%emt 00:00:19]} a6 {[%clk 00:47:41]} {[%emt 00:03:37]} 20.
Ng5 {[%clk 00:04:20]} {[%emt 00:02:00]} h6 {[%clk 00:43:54]} {[%emt 00:04:19]}
21. Ne4 {[%clk 00:01:26]} {[%emt 00:03:23]} Qe8 {[%clk 00:39:05]} {[%emt
00:05:19]} 22. Bc2 {[%clk 00:01:16]} {[%emt 00:00:40]} a5 {[%clk 00:38:27]}
{[%emt 00:01:08]} 23. Bd3 {[%clk 00:01:07]} {[%emt 00:00:39]} Nf5 {[%clk
00:36:49]} {[%emt 00:02:08]} 24. Qd2 {[%clk 00:01:05]} {[%emt 00:00:30]} g5
{[%clk 00:36:59]} {[%emt 00:00:23]} 25. Bb5 {[%clk 00:00:42]} {[%emt 00:00:52]}
Bxe4 {[%clk 00:35:04]} {[%emt 00:02:26]} 26. fxe4 {[%clk 00:01:06]} {[%emt
00:00:06]} Ne7 {[%clk 00:35:25]} {[%emt 00:00:05]} 27. Qe2 {[%clk 00:00:53]}
{[%emt 00:00:45]} Kh7 {[%clk 00:31:33]} {[%emt 00:04:22]} 28. Qg4 {[%clk
00:00:34]} {[%emt 00:00:39]} Nc8 {[%clk 00:24:32]} {[%emt 00:07:43]} 29. Bc4
{[%clk 00:00:41]} {[%emt 00:00:22]} Qg6 {[%clk 00:23:28]} {[%emt 00:01:35]} 30.
Qxe6 {[%clk 00:00:45]} {[%emt 00:00:25]} Qg7 {[%clk 00:23:38]} {[%emt
00:00:21]} 31. Qg4 {[%clk 00:00:52]} {[%emt 00:00:20]} f3 {[%clk 00:21:44]}
{[%emt 00:02:27]} 32. gxf3 {[%clk 00:01:01]} {[%emt 00:00:21]} Rf4 {[%clk
00:22:12]} {[%emt 00:00:01]} 33. Qg2 {[%clk 00:00:39]} {[%emt 00:00:51]} Ne7
{[%clk 00:21:16]} {[%emt 00:01:27]} 34. Be3 {[%clk 00:00:53]} {[%emt 00:00:14]}
Rh4 {[%clk 00:21:45]} {[%emt 00:00:04]} 35. Bf2 {[%clk 00:01:02]} {[%emt
00:00:20]} Rf4 {[%clk 00:22:12]} {[%emt 00:00:02]} 36. Bg3 {[%clk 00:01:18]}
{[%emt 00:00:14]} Rff8 {[%clk 00:22:33]} {[%emt 00:00:09]} 37. Be6 {[%clk
00:01:16]} {[%emt 00:00:32]} Ng6 {[%clk 00:21:32]} {[%emt 00:02:49]} 38. Bf5
{[%clk 00:01:25]} {[%emt 00:00:19]} Kh8 {[%clk 00:21:17]} {[%emt 00:00:47]} 39.
Qh3 {[%clk 00:01:12]} {[%emt 00:00:36]} Nb8 {[%clk 00:17:13]} {[%emt 00:04:42]}
40. Kh1 {[%clk 00:00:55]} {[%emt 00:00:45]} Kh7 {[%clk 00:15:34]} {[%emt
00:02:10]} 41. Qh5 {[%clk 00:00:51]} {[%emt 00:00:32]} Rxf5 {[%clk 00:14:28]}
{[%emt 00:01:37]} 1-0